000 00259nam a22001217a 4500
008 180802b xxu||||| |||| 00| 0 eng d
082 _a813.52
245 _aDon Ellis
_cDisc
260 _c1973
300 _a1
_fCD
440 _x602517859593
942 _2ddc
_cMX
999 _c46707
_d46707